[Event "DEM U14 2019"]
[Site "Willingen GER"]
[Date "2019.06.12"]
[Round "6"]
[White "Chassard, Cedric"]
[Black "Röhr, Oliver"]
[Result "1/2-1/2"]
[Termination "normal"]
[Board "8"]
[WhiteElo "1772"]
[BlackElo "1960"]
[WhiteClock "01:13:06"]
[BlackClock "00:01:04"]
[PlyCount "109"]
[WhiteFideId "16243536"]
[BlackFideId "12987697"]
[EventCountry "GER"]
[EventRounds "9"]
[EventType "swiss"]
[EventDate "2019.06.08"]

1. e4 {[%clk 1:30:58]} 1... e5 {[%clk 1:30:52]} 2. Nf3 {[%clk 1:31:26]} 2...
Nc6 {[%clk 1:31:11]} 3. Bc4 {[%clk 1:31:54]} 3... Bc5 {[%clk 1:31:25]} 4. c3 {
[%clk 1:32:23]} 4... Nf6 {[%clk 1:31:41]} 5. d4 {[%clk 1:32:43]} 5... exd4 {
[%clk 1:31:43]} 6. cxd4 {[%clk 1:33:12]} 6... Bb4+ {[%clk 1:32:03]} 7. Nbd2 {
[%clk 1:33:37]} 7... Nxe4 {[%clk 1:31:30]} 8. d5 {[%clk 1:33:16]} 8... Ne7 {
[%clk 1:31:20]} 9. O-O {[%clk 1:33:40]} 9... Bxd2 {[%clk 1:31:08]} 10. Nxd2 {
[%clk 1:31:29]} 10... Nd6 {[%clk 1:30:37]} 11. Bd3 {[%clk 1:28:21]} 11... O-O {
[%clk 1:30:33]} 12. Nf3 {[%clk 1:28:01]} 12... h6 {[%clk 1:22:58]} 13. Bc2 {
[%clk 1:25:42]} 13... Ne8 {[%clk 1:18:13]} 14. Qd3 {[%clk 1:24:42]} 14... Nf6 {
[%clk 1:18:08]} 15. d6 {[%clk 1:21:49]} 15... Nc6 {[%clk 1:14:48]} 16. Bd2 {
[%clk 1:21:15]} 16... cxd6 {[%clk 1:01:40]} 17. Bc3 {[%clk 1:21:01]} 17... Ne5
{[%clk 0:51:41]} 18. Nxe5 {[%clk 1:20:56]} 18... dxe5 {[%clk 0:52:04]} 19. Bxe5
{[%clk 1:21:16]} 19... g6 {[%clk 0:50:31]} 20. Rfe1 {[%clk 1:16:07]} 20... d6 {
[%clk 0:36:00]} 21. Qxd6 {[%clk 1:07:10]} 21... Qxd6 {[%clk 0:31:41]} 22. Bxd6
{[%clk 1:07:34]} 22... Re8 {[%clk 0:31:32]} 23. Be7 {[%clk 1:06:43]} 23... Nd5
{[%clk 0:30:20]} 24. Bh4 {[%clk 1:05:34]} 24... Rxe1+ {[%clk 0:25:26]} 25. Rxe1
{[%clk 1:06:02]} 25... Be6 {[%clk 0:24:26]} 26. Bb3 {[%clk 1:05:48]} 26... Nf4
{[%clk 0:21:12]} 27. Bxe6 {[%clk 1:05:22]} 27... Nxe6 {[%clk 0:21:26]} 28. f3 {
[%clk 1:05:07]} 28... Kg7 {[%clk 0:16:18]} 29. Bf2 {[%clk 1:04:34]} 29... a6 {
[%clk 0:12:07]} 30. Be3 {[%clk 1:04:27]} 30... Rc8 {[%clk 0:11:01]} 31. Rc1 {
[%clk 1:04:16]} 31... Rxc1+ {[%clk 0:10:42]} 32. Bxc1 {[%clk 1:04:45]} 32... h5
{[%clk 0:08:22]} 33. Kf2 {[%clk 1:04:50]} 33... Kf6 {[%clk 0:08:08]} 34. Ke3 {
[%clk 1:04:12]} 34... Ke5 {[%clk 0:08:12]} 35. Bd2 {[%clk 1:04:01]} 35... Kd5 {
[%clk 0:07:12]} 36. Kd3 {[%clk 1:02:45]} 36... b5 {[%clk 0:07:18]} 37. b3 {
[%clk 1:02:14]} 37... Nd4 {[%clk 0:04:05]} 38. Be3 {[%clk 1:02:17]} 38... Nf5 {
[%clk 0:04:23]} 39. Bf2 {[%clk 1:02:24]} 39... Ng7 {[%clk 0:03:20]} 40. Bd4 {
[%clk 1:02:21]} 40... Ne6 {[%clk 0:03:23]} 41. Be3 {[%clk 1:02:42]} 41... Nd8 {
[%clk 0:00:58]} 42. Kc3 {[%clk 1:01:25]} 42... f6 {[%clk 0:29:43]} 43. Bd4 {
[%clk 1:29:33]} 43... f5 {[%clk 0:28:56]} 44. Be3 {[%clk 1:29:26]} 44... Nc6 {
[%clk 0:29:05]} 45. Bb6 {[%clk 1:28:07]} 45... g5 {[%clk 0:23:18]} 46. Be3 {
[%clk 1:25:45]} 46... g4 {[%clk 0:09:50]} 47. fxg4 {[%clk 1:18:08]} 47... fxg4
{[%clk 0:07:27]} 48. h3 {[%clk 1:16:24]} 48... Ke4 {[%clk 0:04:29]} 49. hxg4 {
[%clk 1:16:03]} 49... hxg4 {[%clk 0:01:26]} 50. Bf2 {[%clk 1:15:27]} 50... Kf4
{[%clk 0:01:30]} 51. a4 {[%clk 1:14:51]} 51... Ke4 {[%clk 0:01:21]} 52. axb5
52... axb5 {[%clk 0:01:49]} 53. Bc5 {[%clk 1:13:15]} 53... Kf4 {[%clk 0:01:49]}
54. Bf2 {[%clk 1:13:11]} 54... Ke4 {[%clk 0:01:04]} 55. Bc5 {[%clk 1:13:06]}
1/2-1/2

[Event "DEM U14 2019"]
[Site "Willingen GER"]
[Date "2019.06.12"]
[Round "6"]
[White "Bui, Bao Anh Le"]
[Black "Tham, Nam"]
[Result "1-0"]
[Termination "normal"]
[Board "10"]
[WhiteElo "2065"]
[BlackElo "1993"]
[WhiteClock "01:01:11"]
[BlackClock "00:56:48"]
[PlyCount "77"]
[WhiteFideId "12970719"]
[BlackFideId "12997331"]
[EventCountry "GER"]
[EventRounds "9"]
[EventType "swiss"]
[EventDate "2019.06.08"]

1. e4 {[%clk 1:30:29]} 1... e5 {[%clk 1:30:53]} 2. Nf3 2... Nc6 {[%clk 1:31:10]
} 3. Bc4 {[%clk 1:31:02]} 3... Bc5 {[%clk 1:31:25]} 4. c3 {[%clk 1:31:10]} 4...
Nf6 {[%clk 1:31:41]} 5. d3 {[%clk 1:31:29]} 5... d6 {[%clk 1:31:33]} 6. Bb3 {
[%clk 1:31:46]} 6... a6 {[%clk 1:31:59]} 7. h3 {[%clk 1:32:10]} 7... Ba7 {
[%clk 1:32:17]} 8. Nbd2 {[%clk 1:32:33]} 8... h6 {[%clk 1:32:43]} 9. Nf1 {
[%clk 1:32:53]} 9... Ne7 {[%clk 1:32:10]} 10. Ng3 {[%clk 1:33:07]} 10... Ng6 {
[%clk 1:32:35]} 11. O-O {[%clk 1:33:32]} 11... O-O {[%clk 1:33:01]} 12. Re1 {
[%clk 1:34:00]} 12... Re8 {[%clk 1:33:27]} 13. d4 {[%clk 1:34:19]} 13... Be6 {
[%clk 1:24:59]} 14. Bc2 {[%clk 1:32:36]} 14... c5 {[%clk 1:19:06]} 15. Be3 {
[%clk 1:19:11]} 15... Qc7 {[%clk 1:17:58]} 16. d5 {[%clk 1:17:01]} 16... Bd7 {
[%clk 1:18:04]} 17. Nh2 {[%clk 1:15:19]} 17... Qc8 {[%clk 1:17:55]} 18. Nf5 {
[%clk 1:14:10]} 18... b5 {[%clk 1:18:01]} 19. Nxd6 {[%clk 1:14:31]} 19... Qc7 {
[%clk 1:18:06]} 20. Nxe8 {[%clk 1:14:54]} 20... Rxe8 {[%clk 1:18:31]} 21. Ng4 {
[%clk 1:11:04]} 21... Nh7 {[%clk 1:18:07]} 22. Qf3 {[%clk 1:09:45]} 22... c4 {
[%clk 1:15:54]} 23. Bxa7 {[%clk 1:04:23]} 23... Qxa7 {[%clk 1:15:49]} 24. Qe3 {
[%clk 1:03:17]} 24... Qc7 {[%clk 1:15:09]} 25. a4 {[%clk 1:03:39]} 25... Bxg4 {
[%clk 1:09:08]} 26. hxg4 {[%clk 1:02:47]} 26... Nf4 {[%clk 1:06:53]} 27. g3 {
[%clk 1:02:08]} 27... Nh3+ {[%clk 1:07:19]} 28. Kg2 {[%clk 1:02:33]} 28... N3g5
{[%clk 1:07:46]} 29. axb5 {[%clk 1:02:51]} 29... axb5 {[%clk 1:08:12]} 30. Ra7
{[%clk 1:03:08]} 30... Qc8 {[%clk 1:08:16]} 31. f4 {[%clk 1:01:47]} 31... exf4
{[%clk 1:06:11]} 32. gxf4 {[%clk 1:02:10]} 32... Qxg4+ {[%clk 1:06:36]} 33. Qg3
{[%clk 1:02:34]} 33... Qh5 {[%clk 1:06:55]} 34. fxg5 {[%clk 1:02:33]} 34...
Nxg5 {[%clk 1:07:18]} 35. e5 {[%clk 1:02:33]} 35... f6 {[%clk 1:01:53]} 36. e6
{[%clk 1:01:14]} 36... Nxe6 {[%clk 0:56:07]} 37. Rxe6 {[%clk 1:00:29]} 37...
Qxd5+ {[%clk 0:56:24]} 38. Be4 {[%clk 1:00:46]} 38... Qd2+ {[%clk 0:56:48]} 39.
Kh3 {[%clk 1:01:11]} 1-0

[Event "DEM U14 2019"]
[Site "Willingen GER"]
[Date "2019.06.12"]
[Round "6"]
[White "Evering, Sören"]
[Black "Laux, Dominik"]
[Result "0-1"]
[Termination "normal"]
[Board "11"]
[WhiteElo "1879"]
[BlackElo "2061"]
[WhiteClock "00:05:18"]
[BlackClock "00:23:24"]
[PlyCount "104"]
[WhiteFideId "12974650"]
[BlackFideId "12994219"]
[EventCountry "GER"]
[EventRounds "9"]
[EventType "swiss"]
[EventDate "2019.06.08"]

1. e4 {[%clk 1:30:57]} 1... c6 {[%clk 1:30:38]} 2. d4 {[%clk 1:31:19]} 2... d5
{[%clk 1:31:02]} 3. e5 {[%clk 1:31:36]} 3... Bf5 {[%clk 1:31:17]} 4. h4 { [%clk
1:31:52]} 4... h5 {[%clk 1:31:21]} 5. Bd3 {[%clk 1:31:41]} 5... Bxd3 { [%clk
1:31:36]} 6. Qxd3 {[%clk 1:32:04]} 6... e6 {[%clk 1:32:01]} 7. Bg5 { [%clk
1:31:26]} 7... Qa5+ {[%clk 1:31:45]} 8. Nd2 {[%clk 1:30:39]} 8... Qa6 { [%clk
1:30:44]} 9. c4 {[%clk 1:25:21]} 9... Nh6 {[%clk 1:26:05]} 10. Ngf3 { [%clk
1:24:23]} 10... Nf5 {[%clk 1:25:47]} 11. O-O {[%clk 1:23:49]} 11... c5 { [%clk
1:15:11]} 12. dxc5 {[%clk 1:04:50]} 12... Bxc5 {[%clk 1:13:45]} 13. Qc2 { [%clk
0:57:35]} 13... dxc4 {[%clk 1:10:12]} 14. Nxc4 {[%clk 0:57:06]} 14... O-O
{[%clk 1:08:04]} 15. Rfd1 {[%clk 0:46:53]} 15... Nc6 {[%clk 1:00:12]} 16. a3 {
[%clk 0:32:16]} 16... Rac8 {[%clk 0:54:28]} 17. Rac1 {[%clk 0:18:41]} 17...
Ncd4 {[%clk 0:48:28]} 18. Nxd4 {[%clk 0:17:50]} 18... Bxd4 {[%clk 0:48:22]} 19.
Qb3 {[%clk 0:15:10]} 19... Rc6 {[%clk 0:41:39]} 20. Nd6 {[%clk 0:08:52]} 20...
Qe2 {[%clk 0:36:15]} 21. Qf3 {[%clk 0:07:04]} 21... Qxf3 {[%clk 0:34:14]} 22.
gxf3 {[%clk 0:07:32]} 22... Rxc1 {[%clk 0:31:03]} 23. Rxc1 {[%clk 0:07:41]}
23... Bxb2 {[%clk 0:30:49]} 24. Rb1 {[%clk 0:06:46]} 24... Bxa3 {[%clk 0:26:00]
} 25. Nxf5 {[%clk 0:06:39]} 25... exf5 {[%clk 0:26:07]} 26. Rxb7 { [%clk
0:07:07]} 26... Ra8 {[%clk 0:24:25]} 27. Rb3 {[%clk 0:06:26]} 27... Bf8 { [%clk
0:24:10]} 28. Bc1 {[%clk 0:05:10]} 28... a5 {[%clk 0:22:06]} 29. Ba3 { [%clk
0:04:51]} 29... a4 {[%clk 0:22:24]} 30. Rd3 {[%clk 0:04:07]} 30... Bxa3 { [%clk
0:21:51]} 31. Rxa3 {[%clk 0:04:37]} 31... f4 {[%clk 0:22:02]} 32. Kf1 { [%clk
0:04:52]} 32... Kh7 {[%clk 0:21:59]} 33. Ke2 {[%clk 0:05:10]} 33... Kg6 { [%clk
0:22:23]} 34. Kd3 {[%clk 0:05:17]} 34... Kf5 {[%clk 0:22:46]} 35. Kd4 { [%clk
0:05:05]} 35... g5 {[%clk 0:21:57]} 36. hxg5 {[%clk 0:05:07]} 36... h4 { [%clk
0:21:27]} 37. g6 {[%clk 0:04:05]} 37... fxg6 {[%clk 0:18:31]} 38. Kc3 { [%clk
0:03:47]} 38... Kxe5 {[%clk 0:18:40]} 39. Kb2 {[%clk 0:04:01]} 39... Rb8+
{[%clk 0:18:51]} 40. Kc2 {[%clk 0:04:15]} 40... Rb3 {[%clk 0:19:09]} 41. Rxa4 {
[%clk 0:04:32]} 41... Rxf3 {[%clk 0:19:32]} 42. Ra5+ {[%clk 0:04:49]} 42... Kf6
{[%clk 0:19:38]} 43. Kd2 {[%clk 0:05:09]} 43... Rxf2+ {[%clk 0:19:57]} 44. Ke1
{[%clk 0:05:36]} 44... Rb2 {[%clk 0:20:16]} 45. Kf1 {[%clk 0:05:21]} 45... g5 {
[%clk 0:20:37]} 46. Ra3 {[%clk 0:05:33]} 46... Kf5 {[%clk 0:20:55]} 47. Kg1 {
[%clk 0:05:38]} 47... Kg4 {[%clk 0:21:22]} 48. Ra4 {[%clk 0:05:25]} 48... Kg3 {
[%clk 0:21:47]} 49. Ra3+ {[%clk 0:04:06]} 49... f3 {[%clk 0:22:10]} 50. Ra1 {
[%clk 0:04:31]} 50... Rg2+ {[%clk 0:22:35]} 51. Kh1 {[%clk 0:04:53]} 51... Rh2+
{[%clk 0:23:00]} 52. Kg1 {[%clk 0:05:18]} 52... f2+ {[%clk 0:23:24]} 0-1

[Event "DEM U14 2019"]
[Site "Willingen GER"]
[Date "2019.06.12"]
[Round "6"]
[White "Kosev, Momchil"]
[Black "Schubert, Nikita"]
[Result "1/2-1/2"]
[Termination "normal"]
[Board "12"]
[WhiteElo "1827"]
[BlackElo "1806"]
[WhiteClock "00:04:13"]
[BlackClock "00:00:48"]
[PlyCount "136"]
[WhiteFideId "12975982"]
[BlackFideId "16212339"]
[EventCountry "GER"]
[EventRounds "9"]
[EventType "swiss"]
[EventDate "2019.06.08"]

1. Nf3 {[%clk 1:30:58]} 1... Nf6 {[%clk 1:30:51]} 2. g3 {[%clk 1:31:24]} 2...
d5 {[%clk 1:30:55]} 3. Bg2 {[%clk 1:31:48]} 3... Bg4 {[%clk 1:24:47]} 4. h3 {
[%clk 1:28:01]} 4... Bh5 {[%clk 1:24:45]} 5. O-O {[%clk 1:27:25]} 5... Nbd7 {
[%clk 1:23:06]} 6. d3 {[%clk 1:22:47]} 6... e5 {[%clk 1:19:38]} 7. Nbd2 { [%clk
1:19:55]} 7... c6 {[%clk 1:10:35]} 8. e4 {[%clk 1:18:25]} 8... Qc7 { [%clk
1:09:05]} 9. Re1 {[%clk 1:10:47]} 9... Bd6 {[%clk 1:04:07]} 10. exd5 { [%clk
1:03:27]} 10... cxd5 {[%clk 1:03:18]} 11. c4 {[%clk 1:03:16]} 11... O-O { [%clk
0:58:46]} 12. cxd5 {[%clk 1:02:46]} 12... Nxd5 {[%clk 0:58:09]} 13. Qb3 { [%clk
1:02:15]} 13... Nb4 {[%clk 0:52:27]} 14. Nc4 {[%clk 0:55:34]} 14... a5 { [%clk
0:49:39]} 15. Be3 {[%clk 0:42:12]} 15... Bc5 {[%clk 0:28:42]} 16. a3 { [%clk
0:39:32]} 16... a4 {[%clk 0:24:01]} 17. Qc3 {[%clk 0:35:35]} 17... Nd5 { [%clk
0:21:36]} 18. Qc1 {[%clk 0:32:32]} 18... Nxe3 {[%clk 0:14:11]} 19. Nxe3 { [%clk
0:31:40]} 19... Qb6 {[%clk 0:13:20]} 20. Qd2 {[%clk 0:30:01]} 20... Qa7 { [%clk
0:10:37]} 21. Nd5 {[%clk 0:24:45]} 21... f6 {[%clk 0:08:52]} 22. Nh2 { [%clk
0:22:55]} 22... Rac8 {[%clk 0:08:20]} 23. Ng4 {[%clk 0:16:27]} 23... Nb6 {[%clk
0:07:53]} 24. Nge3 {[%clk 0:16:06]} 24... Rfd8 {[%clk 0:07:19]} 25. Rac1 {[%clk
0:14:12]} 25... Bf7 {[%clk 0:06:51]} 26. Nc3 {[%clk 0:12:52]} 26... Qa6 {[%clk
0:06:45]} 27. Be4 {[%clk 0:12:10]} 27... Nc4 {[%clk 0:05:07]} 28. Qe2 { [%clk
0:09:43]} 28... Na5 {[%clk 0:04:24]} 29. Ncd5 {[%clk 0:07:27]} 29... Nb3 {[%clk
0:04:06]} 30. Rcd1 {[%clk 0:07:21]} 30... Nd4 {[%clk 0:03:34]} 31. Qf1 { [%clk
0:07:10]} 31... Bg6 {[%clk 0:03:05]} 32. Bg2 {[%clk 0:05:07]} 32... Bh5 { [%clk
0:02:39]} 33. g4 {[%clk 0:05:28]} 33... Bg6 {[%clk 0:02:59]} 34. Kh1 { [%clk
0:04:46]} 34... Kh8 {[%clk 0:02:00]} 35. Kg1 {[%clk 0:05:07]} 35... b5 { [%clk
0:01:35]} 36. Kh1 {[%clk 0:05:14]} 36... Bb6 {[%clk 0:01:40]} 37. Ne7 { [%clk
0:05:03]} 37... Rc7 {[%clk 0:01:24]} 38. Nxg6+ {[%clk 0:04:59]} 38... hxg6
{[%clk 0:01:41]} 39. Nd5 {[%clk 0:05:24]} 39... Rcd7 {[%clk 0:01:22]} 40. Nxb6
{[%clk 0:04:13]} 40... Qxb6 {[%clk 0:01:51]} 41. Rc1 {[%clk 0:03:11]} 41... Nb3
{[%clk 0:23:28]} 42. Rc3 {[%clk 0:27:25]} 42... Nc5 {[%clk 0:18:51]} 43. Be4
{[%clk 0:20:31]} 43... Kh7 {[%clk 0:09:12]} 44. Re3 {[%clk 0:15:10]} 44... Rd4
{[%clk 0:08:52]} 45. Qe2 {[%clk 0:09:15]} 45... Nxe4 {[%clk 0:02:46]} 46. Rxe4
{[%clk 0:08:53]} 46... Qd6 {[%clk 0:02:08]} 47. Rxd4 {[%clk 0:08:24]} 47...
exd4 {[%clk 0:01:39]} 48. Rc2 {[%clk 0:08:18]} 48... Rd7 {[%clk 0:02:00]} 49.
Qf3 {[%clk 0:05:48]} 49... Re7 {[%clk 0:01:42]} 50. Kg2 {[%clk 0:04:19]} 50...
Qe6 {[%clk 0:01:21]} 51. Qf4 {[%clk 0:03:22]} 51... Qb3 {[%clk 0:01:16]} 52.
Rd2 {[%clk 0:03:28]} 52... Qd5+ {[%clk 0:01:18]} 53. Qf3 {[%clk 0:03:46]} 53...
Qd7 {[%clk 0:01:07]} 54. Re2 {[%clk 0:03:49]} 54... Rf7 {[%clk 0:00:47]} 55.
Qa8 {[%clk 0:03:10]} 55... f5 {[%clk 0:00:48]} 56. g5 {[%clk 0:03:06]} 56... f4
{[%clk 0:00:48]} 57. Re8 {[%clk 0:02:58]} 57... Qb7+ {[%clk 0:00:35]} 58. Qxb7
{[%clk 0:03:23]} 58... Rxb7 {[%clk 0:01:04]} 59. Re4 {[%clk 0:03:24]} 59... b4
{[%clk 0:00:37]} 60. Rxd4 {[%clk 0:03:46]} 60... bxa3 {[%clk 0:00:52]} 61. bxa3
{[%clk 0:04:14]} 61... Rb3 {[%clk 0:01:16]} 62. Rxa4 {[%clk 0:04:21]} 62...
Rxd3 {[%clk 0:01:26]} 63. Ra8 {[%clk 0:04:32]} 63... Rd5 {[%clk 0:01:06]} 64.
h4 {[%clk 0:04:56]} 64... Rd3 {[%clk 0:01:17]} 65. a4 {[%clk 0:04:37]} 65...
Ra3 {[%clk 0:00:49]} 66. f3 {[%clk 0:04:23]} 66... Rb3 {[%clk 0:00:44]} 67. Rf8
{[%clk 0:03:52]} 67... Rb2+ {[%clk 0:00:37]} 68. Kh3 {[%clk 0:04:13]} 68...
Rh2+ {[%clk 0:00:48]} 1/2-1/2

[Event "DEM U14 2019"]
[Site "Willingen GER"]
[Date "2019.06.12"]
[Round "6"]
[White "May, Ben-Iven"]
[Black "Farokhi, Keyvan"]
[Result "0-1"]
[Termination "normal"]
[Board "13"]
[WhiteElo "1692"]
[BlackElo "1963"]
[WhiteClock "00:24:55"]
[BlackClock "00:42:44"]
[PlyCount "130"]
[WhiteFideId "16229673"]
[BlackFideId "12998630"]
[EventCountry "GER"]
[EventRounds "9"]
[EventType "swiss"]
[EventDate "2019.06.08"]

1. e4 {[%clk 1:30:59]} 1... c6 {[%clk 1:30:59]} 2. Nc3 {[%clk 1:31:14]} 2... d5
{[%clk 1:31:24]} 3. Nf3 {[%clk 1:31:41]} 3... dxe4 {[%clk 1:31:51]} 4. Nxe4 {
[%clk 1:32:05]} 4... Bg4 {[%clk 1:32:14]} 5. Be2 {[%clk 1:31:32]} 5... e6 {
[%clk 1:31:51]} 6. O-O {[%clk 1:31:47]} 6... Be7 {[%clk 1:31:51]} 7. d4 { [%clk
1:31:49]} 7... Nf6 {[%clk 1:32:10]} 8. Ng3 {[%clk 1:32:15]} 8... O-O { [%clk
1:32:17]} 9. b3 {[%clk 1:30:55]} 9... Nbd7 {[%clk 1:32:19]} 10. Bb2 { [%clk
1:31:21]} 10... Nh5 {[%clk 1:29:35]} 11. Nxh5 {[%clk 1:27:32]} 11... Bxh5
{[%clk 1:30:03]} 12. Ne5 {[%clk 1:27:55]} 12... Bxe2 {[%clk 1:29:32]} 13. Qxe2
{[%clk 1:28:24]} 13... Nxe5 {[%clk 1:22:26]} 14. dxe5 {[%clk 1:28:43]} 14...
Bc5 {[%clk 1:22:46]} 15. Rad1 {[%clk 1:28:58]} 15... Qe7 {[%clk 1:23:08]} 16.
Rd3 {[%clk 1:25:00]} 16... Rfd8 {[%clk 1:22:18]} 17. Rfd1 {[%clk 1:25:16]}
17... Rxd3 {[%clk 1:22:34]} 18. Qxd3 {[%clk 1:25:33]} 18... Bb6 {[%clk 1:22:28]
} 19. c4 {[%clk 1:18:25]} 19... Rd8 {[%clk 1:19:50]} 20. Qe2 {[%clk 1:18:27]}
20... Rd7 {[%clk 1:17:58]} 21. h3 {[%clk 1:11:05]} 21... Qd8 {[%clk 1:18:15]}
22. Rxd7 {[%clk 1:11:31]} 22... Qxd7 {[%clk 1:18:43]} 23. Kf1 {[%clk 1:11:49]}
23... Bc5 {[%clk 1:14:05]} 24. Bc3 {[%clk 1:08:31]} 24... b5 {[%clk 1:10:37]}
25. Ke1 {[%clk 1:01:46]} 25... b4 {[%clk 1:04:45]} 26. Bb2 {[%clk 0:58:26]}
26... a5 {[%clk 1:04:08]} 27. f3 {[%clk 0:54:17]} 27... Qd8 {[%clk 0:56:07]}
28. Qe4 {[%clk 0:45:18]} 28... Qg5 {[%clk 0:49:22]} 29. Qe2 {[%clk 0:36:04]}
29... Qg3+ {[%clk 0:45:57]} 30. Kd2 {[%clk 0:32:29]} 30... h5 {[%clk 0:43:50]}
31. Kd1 {[%clk 0:24:22]} 31... Bf2 {[%clk 0:26:58]} 32. Qf1 {[%clk 0:24:15]}
32... c5 {[%clk 0:26:33]} 33. Kd2 {[%clk 0:16:02]} 33... Qf4+ {[%clk 0:26:04]}
34. Kd1 {[%clk 0:16:03]} 34... Bd4 {[%clk 0:22:38]} 35. Qe2 {[%clk 0:16:28]}
35... Bxb2 {[%clk 0:22:53]} 36. Qxb2 {[%clk 0:16:56]} 36... a4 {[%clk 0:21:48]}
37. Qe2 {[%clk 0:06:07]} 37... Qd4+ {[%clk 0:20:30]} 38. Kc2 {[%clk 0:06:36]}
38... Qc3+ {[%clk 0:20:33]} 39. Kb1 {[%clk 0:06:52]} 39... axb3 {[%clk 0:20:57]
} 40. axb3 {[%clk 0:05:58]} 40... Qxb3+ {[%clk 0:21:17]} 41. Ka1 { [%clk
0:05:37]} 41... Qc3+ {[%clk 0:20:57]} 42. Kb1 {[%clk 0:06:07]} 42... Qd4 {[%clk
0:13:40]} 43. Ka2 {[%clk 0:30:07]} 43... Kh7 {[%clk 0:40:53]} 44. Qc2+ { [%clk
0:27:52]} 44... Kh6 {[%clk 0:40:53]} 45. Qe2 {[%clk 0:27:26]} 45... Qc3 { [%clk
0:38:02]} 46. Kb1 {[%clk 0:26:56]} 46... b3 {[%clk 0:37:57]} 47. Qe4 { [%clk
0:26:44]} 47... Qc2+ {[%clk 0:38:05]} 48. Qxc2 {[%clk 0:27:02]} 48... bxc2+
{[%clk 0:38:33]} 49. Kxc2 {[%clk 0:27:31]} 49... Kg5 {[%clk 0:38:49]} 50. g3
{[%clk 0:25:51]} 50... h4 {[%clk 0:38:52]} 51. gxh4+ {[%clk 0:24:55]} 51... Kf4
{[%clk 0:38:33]} 52. Kb3 {[%clk 0:22:26]} 52... Kxe5 {[%clk 0:38:27]} 53. Ka4
{[%clk 0:22:23]} 53... Kd4 {[%clk 0:38:50]} 54. Kb5 {[%clk 0:22:48]} 54... e5
{[%clk 0:39:09]} 55. h5 {[%clk 0:22:43]} 55... f5 {[%clk 0:39:34]} 56. Kc6 {
[%clk 0:22:10]} 56... e4 {[%clk 0:39:35]} 57. fxe4 {[%clk 0:22:10]} 57... fxe4
{[%clk 0:40:00]} 58. Kd6 {[%clk 0:22:35]} 58... e3 {[%clk 0:40:23]} 59. Ke6 {
[%clk 0:23:03]} 59... e2 {[%clk 0:40:46]} 60. Kf7 {[%clk 0:23:30]} 60... e1=Q {
[%clk 0:41:13]} 61. Kxg7 {[%clk 0:23:49]} 61... Qh4 {[%clk 0:41:25]} 62. h6 {
[%clk 0:24:13]} 62... Qxh3 {[%clk 0:41:51]} 63. h7 {[%clk 0:24:36]} 63... Kxc4
{[%clk 0:42:16]} 64. h8=N {[%clk 0:24:29]} 64... Qxh8+ {[%clk 0:42:34]} 65. Kg6
{[%clk 0:24:55]} 65... Qf8 {[%clk 0:42:44]} 0-1

[Event "DEM U14 2019"]
[Site "Willingen GER"]
[Date "2019.06.12"]
[Round "6"]
[White "Matthäi, Jakob"]
[Black "Röste, Hugo"]
[Result "1-0"]
[Termination "normal"]
[Board "14"]
[WhiteElo "1666"]
[BlackElo "1466"]
[WhiteClock "00:03:38"]
[BlackClock "00:29:12"]
[PlyCount "89"]
[WhiteFideId "16240421"]
[BlackFideId "16247604"]
[EventCountry "GER"]
[EventRounds "9"]
[EventType "swiss"]
[EventDate "2019.06.08"]

1. e4 {[%clk 1:30:57]} 1... c5 {[%clk 1:30:55]} 2. c3 {[%clk 1:31:22]} 2... Nf6
{[%clk 1:31:17]} 3. e5 {[%clk 1:31:49]} 3... Nd5 {[%clk 1:31:39]} 4. d4 { [%clk
1:32:15]} 4... cxd4 {[%clk 1:32:00]} 5. Nf3 {[%clk 1:32:40]} 5... Nc6 { [%clk
1:32:14]} 6. cxd4 {[%clk 1:33:07]} 6... d6 {[%clk 1:32:27]} 7. Bc4 { [%clk
1:33:26]} 7... dxe5 {[%clk 1:32:39]} 8. dxe5 {[%clk 1:33:47]} 8... Nb6 { [%clk
1:33:01]} 9. Qxd8+ {[%clk 1:34:08]} 9... Nxd8 {[%clk 1:33:17]} 10. Bb5+ { [%clk
1:33:27]} 10... Bd7 {[%clk 1:33:33]} 11. Nc3 {[%clk 1:33:27]} 11... g6 { [%clk
1:32:42]} 12. Be3 {[%clk 1:32:00]} 12... Nc6 {[%clk 1:28:35]} 13. Bxb6 { [%clk
1:26:39]} 13... axb6 {[%clk 1:28:48]} 14. Nd5 {[%clk 1:21:40]} 14... Ra5 {[%clk
1:25:06]} 15. b4 {[%clk 1:16:57]} 15... Ra3 {[%clk 1:23:22]} 16. Nxb6 { [%clk
1:13:16]} 16... Bg7 {[%clk 1:17:56]} 17. Rd1 {[%clk 0:51:17]} 17... Bg4 { [%clk
1:14:25]} 18. Nd5 {[%clk 0:48:08]} 18... f6 {[%clk 1:04:34]} 19. Nc7+ { [%clk
0:33:29]} 19... Kf8 {[%clk 1:02:38]} 20. Bxc6 {[%clk 0:30:57]} 20... bxc6
{[%clk 1:02:15]} 21. h3 {[%clk 0:27:51]} 21... Bf5 {[%clk 0:59:57]} 22. Nd4 {
[%clk 0:26:01]} 22... fxe5 {[%clk 0:57:35]} 23. Nce6+ {[%clk 0:17:37]} 23...
Kf7 {[%clk 0:55:58]} 24. Nxg7 {[%clk 0:16:58]} 24... exd4 {[%clk 0:55:24]} 25.
Nxf5 {[%clk 0:17:20]} 25... gxf5 {[%clk 0:55:46]} 26. Rxd4 {[%clk 0:17:24]}
26... Rxa2 {[%clk 0:56:00]} 27. O-O {[%clk 0:17:35]} 27... Rc2 {[%clk 0:54:56]}
28. Ra1 {[%clk 0:15:32]} 28... h5 {[%clk 0:53:12]} 29. Ra7 {[%clk 0:13:36]}
29... Re8 {[%clk 0:51:39]} 30. Rdd7 {[%clk 0:11:47]} 30... Rc4 {[%clk 0:51:05]}
31. Rdb7 {[%clk 0:09:50]} 31... Re4 {[%clk 0:49:13]} 32. Ra6 {[%clk 0:08:34]}
32... Rc8 {[%clk 0:48:28]} 33. Ra5 {[%clk 0:08:22]} 33... Kf6 {[%clk 0:45:36]}
34. Rc5 {[%clk 0:08:21]} 34... Ke6 {[%clk 0:34:06]} 35. Rb6 {[%clk 0:07:59]}
35... Re5 {[%clk 0:31:40]} 36. Rbxc6+ {[%clk 0:07:42]} 36... Rxc6 { [%clk
0:31:43]} 37. Rxc6+ {[%clk 0:08:11]} 37... Kd7 {[%clk 0:31:31]} 38. Rc4 { [%clk
0:07:43]} 38... Re6 {[%clk 0:30:40]} 39. Kh2 {[%clk 0:06:30]} 39... Rg6 { [%clk
0:29:03]} 40. Rf4 {[%clk 0:05:02]} 40... Rg5 {[%clk 0:28:44]} 41. h4 { [%clk
0:04:43]} 41... Rg4 {[%clk 0:28:21]} 42. Rxg4 {[%clk 0:02:56]} 42... fxg4
{[%clk 0:28:41]} 43. Kg3 {[%clk 0:03:06]} 43... e5 {[%clk 0:28:59]} 44. f3 {
[%clk 0:03:10]} 44... gxf3 {[%clk 0:29:12]} 45. Kxf3 {[%clk 0:03:38]} 1-0